Framing a new road agreement (Record no. 65664)

MARC details
000 -LEADER
fixed length control field 01221cam a2200217 4500
001 - CONTROL NUMBER
control field ABS63276
008 - FIXED-LENGTH DATA ELEMENTS--GENERAL INFORMATION
fixed length control field 000000n2000 000 0 eng u
035 ## - SYSTEM CONTROL NUMBER
System control number (Sirsi) u110100
100 ## - MAIN ENTRY--PERSONAL NAME
Personal name Nunn, D
245 ## - TITLE STATEMENT
Title Framing a new road agreement
260 ## - PUBLICATION, DISTRIBUTION, ETC.
Date of publication, distribution, etc. 2000
490 ## - SERIES STATEMENT
Series statement Contract Journal
Volume/sequential designation 406(6305) 29 November 2000, 16-17(2)
520 ## - SUMMARY, ETC.
Summary, etc. Examines the Highways Agency's overhaul of its procurement procedures for its projects and studies its trial using construction management. New design and build projects will involve contractors at an earlier stage in the project; new ways of running term maintenance contracts are being looked at and the Agency is trialling framework agreements based on geographic areas. The HA has gone for the more radical option available of a series of relationships with a network of suppliers and specialists rather than a partnership with a single contractor. The HA is very much interested in having specialists and suppliers play an increasing part in the procurement process.
590 ## - LOCAL NOTE (RLIN)
Local note ABS
650 ## - SUBJECT ADDED ENTRY--TOPICAL TERM
Topical term or geographic name entry element HIGHWAYS AGENCY
650 ## - SUBJECT ADDED ENTRY--TOPICAL TERM
Topical term or geographic name entry element CONSTRUCTION MANAGEMENT
9 (RLIN) 6230
650 ## - SUBJECT ADDED ENTRY--TOPICAL TERM
Topical term or geographic name entry element Procurement-old
650 ## - SUBJECT ADDED ENTRY--TOPICAL TERM
Topical term or geographic name entry element ROADBUILDING
690 ## - LOCAL SUBJECT ADDED ENTRY--TOPICAL TERM (OCLC, RLIN)
Topical term or geographic name as entry element Procurement
9 (RLIN) 6260
942 ## - ADDED ENTRY ELEMENTS (KOHA)
Suppress in OPAC 0
Holdings
Withdrawn status Lost status Source of classification or shelving scheme Damaged status Not for loan Home library Current library Shelving location Date acquired Total Checkouts Full call number Barcode Date last seen Copy number Price effective from Koha item type
    Dewey Decimal Classification     London London Journal article 03/01/2001   ABS63276 110100-1001 06/08/2019 1 06/08/2019 Journal article